| 000 | 01306nam0a22003491 4500 | ||
|---|---|---|---|
| 001 | rc\983065 | ||
| 005 | 20260205132434.0 | ||
| 010 |
_9150000 (1-50 тыс.) _bВ пер. _d2 р. 30 к. |
||
| 021 |
_aRU _b81-40262 |
||
| 035 | _a(NLR Aleph) 006150918 | ||
| 090 |
_a5761302 _c5761302 |
||
| 100 | _a20041129d1981 k y0rusy50 ca | ||
| 101 | 0 | _arus | |
| 102 | _aRU | ||
| 105 | _ay z||||||aa | ||
| 200 | 1 |
_aИзбранное _fС. Аксаков _g[примечания С. Машинского] |
|
| 210 |
_aКуйбышев _cКнижное издательство _d1981 |
||
| 215 |
_a392 с. _d22 |
||
| 225 | 1 | _aВолжские просторы | |
| 327 | 1 | _aСодерж.: Детские годы Багрова-внука ; Записки об уженье рыбы | |
| 464 | 0 | _12001#$aДетские годы Багрова-внука | |
| 464 | 0 | _12001#$aЗаписки об уженье рыбы | |
| 620 |
_aRU _dСамара |
||
| 686 | 1 | _aШ6(2=Р)51я44 | |
| 700 | 1 |
_aАксаков _bС. Т. _f1791-1859 _gСергей Тимофеевич _3RU\NLR\AUTH\77127 |
|
| 702 | 1 |
_aМашинский _bС. И. _f1914- _gСемен Иосифович _4212 |
|
| 801 | 0 |
_aRU _bNLR _gpsbo |
|
| 801 | 1 |
_aRU _bELAR _2rusmarc |
|
| 852 |
_aNLR _j81-5/4980 |
||
| 942 | _cBOOK | ||
| 980 | _aNB | ||